000 01152nam a2200253 a 4500
001 000022221
003 DO-SdBNP
005 20260305073956.0
007 ta
008 100920s19961998dr ac 000 0 spa d
020 _a8492311371 (v.2)
040 _aDO-SdBNP
_bspa
_cBNPHU
082 4 _a320.97293
_bF363L
_222
100 1 _aFernández, Leonel,
_d1953-
_97291
245 1 0 _aLeonel :
_btemas de campaña /
_crecopilación Rafael núñez.
260 _aSanto Domingo :
_bAlfa y Omega,
_c1997
300 _a2v. :
_bil. ;
_c22 cm.
505 0 _tIntrocción --
_tPLD, un partido diferente --
_tPor el nuevo camino --
_tUn proyecto de sociedad --
_tEl aliado del PRD --
_tReinventar el gobierno --
_tLibertades Públicas y medios de comunicación--
_tCon la prensa extrajera --
_tRetos de un gobierno del PLD --
_tImportancia del sector de la construcción --
_tLa exclusión de la mujer --
_tNo reduciremos las Fuerzas Armadas --
_tUn nuevo paradigma.
590 _aInventariado, 2018/ YL
651 4 _aRepública Dominicana
_xPolítica Y Gobierno
_y1961-
_9204
700 1 2 _aNúñez, Rafael
_91366
910 _aValidado. Control de calidad MFF
942 _2ddc
_cLBS1
999 _c21719
_d21719